<?xml version="1.0" encoding="UTF-8"?>
<marc:record xmlns:marc="http://www.loc.gov/MARC21/slim">
   <marc:leader>00000nam a2200000 a 4500</marc:leader>
   <marc:datafield ind1="1" ind2=" " tag="100">
      <marc:subfield code="a">DVD</marc:subfield>
      <marc:subfield code="4">aut</marc:subfield>
      <marc:subfield code="e">Verfasser/-in</marc:subfield>
   </marc:datafield>
   <marc:datafield ind1=" " ind2=" " tag="653">
      <marc:subfield code="a">Fußball</marc:subfield>
   </marc:datafield>
   <marc:datafield ind1=" " ind2=" " tag="653">
      <marc:subfield code="a">DVD</marc:subfield>
   </marc:datafield>
   <marc:datafield ind1=" " ind2=" " tag="653">
      <marc:subfield code="a">Fantasie</marc:subfield>
   </marc:datafield>
   <marc:datafield ind1="0" ind2="0" tag="245">
      <marc:subfield code="a">Die Wilden Kerle 5</marc:subfield>
   </marc:datafield>
   <marc:datafield ind1="0" ind2="0" tag="245">
      <marc:subfield code="b">hinter dem Horizont</marc:subfield>
   </marc:datafield>
   <marc:datafield ind1="0" ind2="0" tag="245">
      <marc:subfield code="c">DVD</marc:subfield>
   </marc:datafield>
   <marc:datafield ind1=" " ind2="1" tag="264">
      <marc:subfield code="a">Wien</marc:subfield>
      <marc:subfield code="b">Buena Vista  Home Entertainment</marc:subfield>
      <marc:subfield code="c">2008</marc:subfield>
   </marc:datafield>
   <marc:datafield ind1="1" ind2=" " tag="490">
      <marc:subfield code="a">¬Die¬ Wilden Kerle ; 5</marc:subfield>
   </marc:datafield>
   <marc:datafield ind1="1" ind2=" " tag="520">
      <marc:subfield code="a">Nach ihrem Sieg über die Silberlichten brechen die Wilden Kerle mit waghalsigen Stunts im Freestyle-Soccer alle Rekorde. Doch ihr actionreiches Training im Wald ist nicht ganz ungefährlich: Die Kerle werden insgeheim von den mysteriösen Schattensuchern beobachtet. Als plötzlich Leon spurlos im Wald verschwindet, obwohl er Vanessa in der Nacht zuvor ewige Liebe geschworen hat, nehmen die Wilden Kerle den Kampf auf. Auf der Suche nach Leon gelangen sie hinter den Horizont ins Reich der Schattensucher &#x96; Vampire, deren übermächtiger Anführer Darkside sie zu einem spektakulären 3D-Soccer-Match auf Leben und Tod herausfordert. Die Wilden Kerle müssen gewinnen, sonst ist nicht nur Leon für immer verloren. Auch ihr eigenes Leben steht auf dem Spiel.</marc:subfield>
   </marc:datafield>
   <marc:datafield ind1=" " ind2=" " tag="020">
      <marc:subfield code="a">B001CL8JNQ</marc:subfield>
      <marc:subfield code="9">B001CL8JNQ</marc:subfield>
   </marc:datafield>
   <marc:datafield ind1="3" ind2=" " tag="024">
      <marc:subfield code="a">871-7-418-169</marc:subfield>
   </marc:datafield>
   <marc:datafield ind1="0" ind2=" " tag="490">
      <marc:subfield code="v">0</marc:subfield>
   </marc:datafield>
   <marc:datafield ind1=" " ind2=" " tag="300">
      <marc:subfield code="a">103 Min.</marc:subfield>
   </marc:datafield>
</marc:record>
